al-Nuqūd al-ʻArabīyah wa-ʻilm al-nummīyāt /
Main Author:
Format: Book
Language: Arabic
Published:
al-Qāhirah :
al-Maṭbaʻah al-ʻAṣrīyah,
1939.
Subjects:
Tags: Add Tag
Call Number: CJ3412 .A5 1939
| LEADER | 02398nam a2200313Ia 4500 | ||
|---|---|---|---|
| 003 | OSt | ||
| 005 | 20230209103508.0 | ||
| 008 | 130303s1939 ua b 001 0 ara d | ||
| 952 | |0 0 |1 0 |2 lcc |4 0 |6 CJ3412 A5 01939 |7 1 |9 45537 |a ARCE |b ARCE |d 2023-02-09 |l 0 |o CJ3412 .A5 1939 |r 2023-02-09 00:00:00 |w 2023-02-09 |y BK | ||
| 952 | |0 0 |1 0 |2 lcc |4 0 |6 CJ3412 A5 01939 |7 1 |9 57746 |a ARCE |b ARCE |d 2023-12-14 |l 0 |o CJ3412 .A5 1939 |p 1013606 |r 2023-12-14 00:00:00 |w 2023-12-14 |y BK | ||
| 999 | |c 24054 |d 24054 | ||
| 040 | |c ARCE Library | ||
| 050 | 4 | |a CJ3412 .A5 1939 | |
| 100 | 1 | |6 880-01 |a Anistās Mārī, |c al-Karmilī, ab, |d 1866-1947, |e author | |
| 245 | 1 | 3 | |6 880-02 |a al-Nuqūd al-ʻArabīyah wa-ʻilm al-nummīyāt / |c ʻuniya bi-nashrihi Anastās Mārī al-Kirmilī al-Baghdādī. |
| 264 | 1 | |a al-Qāhirah : |b al-Maṭbaʻah al-ʻAṣrīyah, |c 1939. | |
| 300 | |a 259 pages ; |c 25 cm. | ||
| 500 | |a Title on added t.p.: An-Nuqud al-ʻArabiyeh wa ʻilm an-Nummiyat, ou, Monnaies Arabes et Numismatique d'après les Meilleurs Auteurs de Langue Arabe. | ||
| 500 | |a Summary in French. | ||
| 504 | |a Includes bibliographical references and indexes. | ||
| 555 | |a barakat.lib | ||
| 555 | |a Nawal | ||
| 650 | 0 | |a Coins, Arab. | |
| 650 | 0 | |a Islamic numismatics. | |
| 740 | 0 | |a Monnaies arabes et numismatique d'après les meilleurs auteurs de langue arabe. | |
| 880 | 1 | |6 100-01/(3/r |a أنستاس، ماري، |c الكرملي، الأب، |d 1866-1947. | |
| 880 | 1 | 2 | |6 245-02/(3/r |a النقود العربية و علم النميات |c عني بنشره أنستاس ماري الكرملي البغدادي. |
| 901 | |a reviewed | ||
| 942 | |c BK |2 lcc | ||
